00641 2200217 4500001002100000005001700021008004100038020002200079035002400101082000800125090001800133100002200151245008000173250001100253260003900264300001900303500002600322650002500348700002800373990002200401YOGYA-0712000000052920120731214655.0 ind  a978-602-8276-63-4 0010-071200000000529 a423 aDEP 423 Fra K aFRANCISCA KARTIKA aKamus Inggris gaul / Francisca Kartika; Penyunting Lisa Esti Puji Hartanti. aCet.1. aYogyakartabIndonesia Cerdasc2011 a224 hlmc18 cm aBibliografi : hlm 222 aBahasa Inggris-Kamus aLisa Esti Puji Hartanti aCB-D.11 2011-2090